000 00696nam a2200253Ia 4500
003 OSt
005 20220925210204.0
006 a|||||r|||| 00| 0
007 ta
008 220923b |||||||| |||| 00| 0 eng d
037 _cGeneral Book
040 _aRTL
_cRTL
_beng
041 _2eng
_aeng
082 _aX:9.73.N7, J4;M1
100 _aBloom Gordon F
245 0 _aEconomics of labor relations
250 _a9
260 _aIllinois
_bRichard D Irwin
_c1981
300 _axxi, 860p
_ccm.
650 _aLabor Economics
700 _a Northrup Herbert R
942 _hX:9.73.N7, J4;M1
_cGB
_2CC
999 _c554361
_d554361